Melkii bies : roman /

Bibliographic Details
Main Author: Sologub, Fyodor, 1863-1927
Format: Book
Language:Russian
Published: Ann Arbor, Mich. : Ardis, 1979.

MARC

Tag First Indicator Second Indicator Subfields
LEADER 00000cam a2200000 a 4500
001 in00000078254
005 20151008060709.0
008 800815r19791923miu 00011 rus d
035 |a (OCoLC)06624383 
035 |9 AAJ6363AM 
040 |a WLU  |c WLU  |d m.c.  |d TXA  |d UtOrBLW 
049 |a TXAM  |c [1442675] 
090 |a PG3470.T4  |b M4 1979 
100 1 |a Sologub, Fyodor,  |d 1863-1927. 
245 1 0 |a Melkii bies :  |b roman /  |c Fedor Sologub [as printed]. 
264 1 |a Ann Arbor, Mich. :  |b Ardis,  |c 1979. 
300 |a 342 pages ;  |c 16 cm. 
336 |a text  |b txt  |2 rdacontent 
337 |a unmediated  |b n  |2 rdamedia 
338 |a volume  |b nc  |2 rdacarrier 
500 |a In Cyrillic characters. 
500 |a Reprint. Originally published : Berlin : Z.I. Grzhebin, 1923. 
999 |a MARS 
999 f f |s c54b1e8a-4c4d-33f6-a327-2fe9793202d2  |i 0fad27a7-b7c1-37ef-a1fd-00a68e371d4a  |t 0 
952 f f |p ric  |a Texas A&M University  |b Rellis Campus  |c Joint Library Facility  |s JLF  |d Remote Storage  |t 0  |e PG3470.T4 M4 1979  |h Library of Congress classification  |i unmediated -- volume  |m A14806175630 
998 f f |a PG3470.T4 M4 1979  |t 0  |l Remote Storage